| 000 | 01433nam0a2200349 4500 | ||
|---|---|---|---|
| 001 | RU\NLR\bibl\1073059 | ||
| 005 | 20260406044149.0 | ||
| 010 |
_a978-5-358-02175-4 _94000 |
||
| 021 |
_aRU _b2007-13642 _9730 |
||
| 021 |
_aRU _b2010-58809 _93850 |
||
| 035 | _a(NLR Aleph) 001060277 | ||
| 090 |
_a934191 _c934191 |
||
| 100 | _a20070315d2007 |||y0rusy50 ca | ||
| 101 | 1 | _arus | |
| 102 | _aRU | ||
| 105 | _aa ||||||||| | ||
| 200 | 1 |
_aКнижная полка _e5 класс _eкнига для чтения _f[сост. А.Б. Есин и др.] _gпод ред. М.Б. Ладыгина |
|
| 205 | _a3-е изд., стер. | ||
| 210 |
_aМосква _cДрофа _d2007 |
||
| 215 |
_a478, [1] с. _cил. _d22 |
||
| 606 | 0 |
_aЗарубежная литература _jХрестоматии для средней школы _91219666 _3RU\NLR\auth\66177861 |
|
| 606 | 0 |
_aРусская литература _jХрестоматии для средней школы _91032583 _3RU\NLR\auth\6678541 |
|
| 686 | _aШ5(0)я721-3 | ||
| 686 | _aШ5(2=Р)я721-3 | ||
| 702 | 1 |
_4220 _8rus _7ca _aЕсин _bА. Б. _f1954-2000 _gАндрей Борисович _3RU\NLR\auth\774095 _9114082 |
|
| 702 | 1 |
_4340 _8rus _7ca _aЛадыгин _bМ. Б. _gМихаил Борисович _3RU\NLR\auth\7733049 _916057 |
|
| 801 | 0 |
_aRU _bNLR _c20000906 _gPSBO |
|
| 801 | 1 |
_aRU _bNLR _c20000906 |
|
| 942 | _cBOOK | ||
| 980 | _aNB | ||